| 000 | 01200nam a2200265Ia 4500 | ||
|---|---|---|---|
| 003 | Ost | ||
| 005 | 20260507075657.0 | ||
| 008 | 260507s9999||||xx |||||||||||||| ||und|| | ||
| 020 | _a9773680274 | ||
| 040 | _cfsecg | ||
| 041 | _aara | ||
| 082 | _a351.007 | ||
| 100 |
_aالصيرفي، محمد _eمؤلف |
||
| 245 | 0 |
_aإدارة الأعمال الحكومية / _c محمد الصيرفي |
|
| 260 |
_aالاسكندرية: _bحورس الدولية للنشر والتوزيع, _c2005 |
||
| 300 |
_a341 صفحة؛ _bإيضاحات ؛ _c24 سم |
||
| 490 |
_aسلسلة كتب المعارف الادارية كتاب _v15 |
||
| 504 | _aالمراجع ص.335 | ||
| 520 | _aماهية ومفهوم الادارة العامة، التخطيط في الادارة العامة، السياسة العامة، البيروقراطية، التنظيم في الادارة العامة، المنظمات العامة، الادارة المحلية، ادارة الأفراد في المنظمات العامة. | ||
| 653 | _aإدارة الأعمال | ||
| 653 | _aإدارة الأفراد | ||
| 653 | _aالإدارة العامة | ||
| 653 | _aالتخطيط | ||
| 942 | _cكتاب | ||
| 999 |
_c45729 _d45729 |
||